Vplyv eurozóny na nepriame a spotrebné dane bakalárska práca

Gespeichert in:
Bibliographische Detailangaben
1. Verfasser: Bullová, Margaréta
Körperschaft: Fakulta podnikového manažmentu EU. Katedra podnikových financií
Weitere Verfasser: Vavrová, Katarína, 1960-
Format: Buch
Sprache:Slowakisch
Veröffentlicht: Bratislava 2021
Tags: Tag hinzufügen
Keine Tags, Fügen Sie das erste Tag hinzu!

MARC

LEADER 00000nbm a2200000 4500
001 0275615
005 20211112141344.0
041 0 |a slo 
044 |a SK 
245 1 0 |a Vplyv eurozóny na nepriame a spotrebné dane  |b bakalárska práca  |c Margaréta Bullová ; školiteľ: Katarína Vavrová 
264 1 |a Bratislava  |c 2021 
300 |a 61 s. 
100 1 |a Bullová, Margaréta 
700 1 |a Vavrová, Katarína, 1960- 
710 2 |a Fakulta podnikového manažmentu EU. Katedra podnikových financií